Statistics for biochem - amino acids (side chains)

Click here to take the quiz!

General Stats

  • This quiz has been taken 6 times
  • The average score is 5 of 15

Answer Stats

HintAnswer% Correct
a change in ....causes the previous occurrencepH
67%
true or false: histadine and tryosine are polar but phenylalanine and tryptophan are non polartrue
67%
aliphatic side chains (A,G,I,L,V)alanine, glycine, isoleucine, leucine, valine
33%
basic side chains (A,L)arginine, lysine
33%
what are the two amide side chains (A,G)asparagine glutamine
33%
what are the two non polar thiol side chains (C,M)cysteine methionine
33%
what unlikely amino acid type does male platypus venom containD- amino acid
33%
what type of amino acids are found in the cell walls of bacteriaD - amino acids
33%
vast majority of amino acids in proteinsL- amino acids
33%
what is the name of a short chain of amino acids with an unidentified lengtholigopeptide
33%
one or many peptides which often have a prosthetic group bound to the structureprotein
33%
what are the two polar hydroxyl side chains (S,T)serine threonine
33%
what does an amino acid become when the primary amino group gains a hydrogen and the carboxyl group loses a hydrogenzwitterion
33%
At ph 7.2 what do the two acidic side chains ( aspartic acid and glutamic acid) deprotonate to becomeaspartate glutamate
0%
aromatic side chains (H,P,Try,Tyr)histidine, phenylalanine, tryptophan, tyrosine
0%

Score Distribution

Percentile by Number Answered

Percent of People with Each Score

Your Score History

You have not taken this quiz